| 000 | 01390nam a2200325 4500 | ||
|---|---|---|---|
| 003 | EC-UNACH | ||
| 005 | 20251030113242.0 | ||
| 006 | s||||gr|||| 00| 00 | ||
| 008 | 150116t9999 mx r gr 000 0 spa d | ||
| 020 | _a978-9942-07-040-1 | ||
| 040 |
_aEC-UNACH _cEC-UNACH |
||
| 041 | _aspa | ||
| 082 | 0 | 4 |
_223 _a345 POR _bL017881 |
| 110 | _aV & M Gráficas | ||
| 245 | _aGuía de jurisprudencia constitucional ecuatoriana | ||
| 250 | _aPrimera edición | ||
| 264 |
_aQuito - Ecuador _bV & M Gráficas _c2012 |
||
| 300 | _a275 páginas | ||
| 505 | _aTOMO 1. Acción de inconstitucionalidad. -- Capítulo 1. Acción de interpretación. -- Capítulo 21. Acción por incumplimiento. -- Capítulo 3. Consulta de constitucionalidad. -- Periodo de octubre 2008 - diciembre 2010. -- TOMO 2. Acción de incumplimiento. -- Capítulo 1. Control constitucional de estado de excepción. -- Capítulo 2. Control constitucional de tratados internacionales. -- Capítulo 3. Periodo octubre 2008- diciembre 2010. | ||
| 650 | _aDERECHO CONSTITUCIONAL | ||
| 650 | _aSENTENCIAS | ||
| 650 | _aTRTADOS INTERNACIONALES | ||
| 700 | _aPorras Velasco, Angelica | ||
| 700 | _aRomero Larco, Johanna | ||
| 700 | _aEcuador Corte Constitucional | ||
| 942 |
_2ddc _c1 |
||
| 999 | _c14123 | ||